| 000 | 01656cam a22002534a 4500 | ||
|---|---|---|---|
| 999 |
_c2190 _d2190 |
||
| 008 | 070112s2007 cau b 001 0 eng | ||
| 020 | _a9780761935582 (pbk.) | ||
| 020 | _a0761935584 (pbk.) | ||
| 040 | _aDLC | ||
| 100 | 1 |
_aChanda, Ashok, _d1965- |
|
| 245 | 1 | 0 |
_aStrategic human resource technologies : _bkeys to managing people / _cby Ashok Chanda ; with B. Sivarama Krishna and Jie Shen. |
| 260 |
_aLos Angeles : _bResponse, _c2007. |
||
| 300 |
_a519 p. ; _c24 cm. |
||
| 504 | _aIncludes bibliographical references and index. | ||
| 505 | 0 | _aStrategic HR technologies: a framework -- Thinking in the futuristic HRM -- Strategic HR technologies -- Spectrum I : HR technologies for driving business -- Profiting from human resources -- Spectrum II : HR technologies for building high performing individuals and team culture -- Diagnosing the HR scenario -- Understanding the present for the future -- Building one great legendary family -- Spectrum III : HR technologies for attracting and retaining talent -- Doing more with less -- Pay for performance -- Essence of competency building -- Spectrum IV : HR technologies for rethinking the future -- Responding to future needs -- Branding of HR technologies -- HR branding -- HR word power -- HR word power. | |
| 650 | 0 |
_aPersonnel management _xTechnological innovations. |
|
| 650 | 0 | _aManagement information systems. | |
| 650 | 0 |
_aStrategic planning _xData processing. |
|
| 700 | 1 | _aSivarama Krishna, B. | |
| 700 | 1 |
_aShen, Jie, _d1947- |
|
| 856 | 4 | 1 | _uhttp://www.loc.gov/catdir/toc/ecip078/2007001024.html |
| 856 | 4 | 2 | _uhttp://www.loc.gov/catdir/enhancements/fy0804/2007001024-d.html |
| 942 | _cBK | ||